00346nam a2200097Ia 4500008004100000020001800041100001600059245012100075260003300196300001900229180315s9999 xx 000 0 und d a9780008137892 aWelch, Jack cWelch, SuzyaThe real life MBA :bThe no-nonsense guide to winning the game, building a team and growing your career aLondon :b2015cThorsons pub avii, 229 pages